Разработка стратегии внедрения облачных технологий для предприятий; Инновационные технологии в машиностроении

Dettagli Bibliografici
Parent link:Инновационные технологии в машиностроении.— 2017.— [С. 183-185]
Autore principale: Разумников С. В. Сергей Викторович
Ente Autore: Национальный исследовательский Томский политехнический университет (ТПУ) Юргинский технологический институт (филиал) (ЮТИ) Кафедра информационных систем (ИС)
Riassunto:Заглавие с экрана
Lingua:russo
Pubblicazione: 2017
Serie:Автоматизация, информатизация и менеджмент на предприятии
Soggetti:
Accesso online:http://earchive.tpu.ru/handle/11683/38647
Natura: MixedMaterials Elettronico Capitolo di libro
KOHA link:https://koha.lib.tpu.ru/cgi-bin/koha/opac-detail.pl?biblionumber=622569

MARC

LEADER 00000naa2a2200000 4500
001 622569
005 20231218153336.0
035 |a (RuTPU)RU\TPU\conf\21338 
035 |a RU\TPU\conf\21337 
090 |a 622569 
100 |a 20170524d2017 k y0rusy50 ca 
101 0 |a rus 
102 |a RU 
105 |a y z 101zy 
135 |a drgn ---uucaa 
181 0 |a i  
182 0 |a b 
200 1 |a Разработка стратегии внедрения облачных технологий для предприятий  |f С. В. Разумников 
203 |a Текст  |c электронный 
225 1 |a Автоматизация, информатизация и менеджмент на предприятии 
300 |a Заглавие с экрана 
320 |a [Библиогр.: с. 185 (10 назв.)] 
463 0 |0 (RuTPU)RU\TPU\conf\21273  |t Инновационные технологии в машиностроении  |o сборник трудов VIII Международной научно-практической конференции, 18-20 мая 2017 г., Юрга  |f Национальный исследовательский Томский политехнический университет (ТПУ), Юргинский технологический институт (ЮТИ) ; под ред. Д. А. Чинахова  |v [С. 183-185]  |d 2017 
610 1 |a труды учёных ТПУ 
610 1 |a электронный ресурс 
610 1 |a облачные технологии 
610 1 |a внедрение 
610 1 |a разработка 
610 1 |a ИТ-технологии 
610 1 |a информационные технологии 
700 1 |a Разумников  |b С. В.  |c специалист в области информатики и вычислительной техники  |c доцент Юргинского технологического института (филиала) Томского политехнического университета, кандидат технических наук  |f 1988-  |g Сергей Викторович  |3 (RuTPU)RU\TPU\pers\31649  |9 15786 
712 0 2 |a Национальный исследовательский Томский политехнический университет (ТПУ)  |b Юргинский технологический институт (филиал) (ЮТИ)  |b Кафедра информационных систем (ИС)  |3 (RuTPU)RU\TPU\col\18893 
801 2 |a RU  |b 63413507  |c 20170630  |g RCR 
856 4 |u http://earchive.tpu.ru/handle/11683/38647 
942 |c BK